00337 a2200157 4500260001200000100002600012700002400038260002000062245002500082300001100107650001800118260000900136300000900145130000700154020001800161 aLondres aJONES, Thomas Carlyle1 aHUNT, Ronald Duncan bLEA and Febiger aVeterinary Pathology a1792p. aSANTE ANIMALE c1983 bill. lEn a0-8121-0789-6